De las obligaciones
Salvato in:
| Autore principale: | |
|---|---|
| Natura: | Libro |
| Lingua: | spagnolo |
| Pubblicazione: |
Santiago
LexisNexis
2004
|
| Edizione: | 1a. ed |
| Soggetti: | |
| Tags: |
Aggiungi Tag
Nessun Tag, puoi essere il primo ad aggiungerne!!
|
MARC
| LEADER | 00000nam a2200000 a 4500 | ||
|---|---|---|---|
| 001 | UCK9363 | ||
| 003 | CL-VaPUC | ||
| 008 | 060512e20040000CL |||||||||||||||||spa|d | ||
| 020 | |a 9562385000 | ||
| 082 | 0 | 4 | |a 346.8302 |b RAM |2 21 |
| 100 | |a Ramos Pazos, René |e autor |9 297777 | ||
| 245 | 1 | 0 | |a De las obligaciones |
| 250 | |a 1a. ed | ||
| 300 | |a 571 p | ||
| 942 | |c BK | ||
| 945 | |d 20060512 00:00:00 |a cmena | ||
| 260 | |a Santiago |b LexisNexis |c 2004 | ||
| 650 | 0 | |a Derecho civil chileno |9 320612 | |
| 650 | 0 | |a Derechos reales |9 257708 | |
| 650 | 0 | |a Obligaciones |9 255578 | |
| 650 | 0 | |a Jurisprudencia |9 255952 | |
| 650 | 0 | |a Derecho y legislación |9 255077 | |
| 583 | |a last modification |c 20060512 00:00:00 |k Rodrigo Vera | ||
| 999 | |c 316577 |d 316575 | ||
| 952 | |0 0 |1 0 |4 0 |6 346_830200000000000_RAM_2004 |7 0 |8 A |9 391079 |a BIBDER |b BIBDER |d 2019-11-22 |i 4227034 |l 3 |o 346.8302 RAM 2004 |p 4227034 |q 2025-05-13 |r 2025-05-06 |s 2025-05-06 |w 2019-11-22 |y BK |k DER | ||
| 952 | |0 0 |1 0 |4 0 |6 346_830200000000000_RAM_2004 |7 0 |8 A |9 391080 |a BIBDER |b BIBDER |d 2019-11-22 |i 4227042 |l 1 |o 346.8302 RAM 2004 |p 4227042 |r 2024-04-15 |s 2024-04-12 |w 2019-11-22 |y BK |k DER | ||
| 952 | |0 0 |1 0 |4 0 |6 346_830200000000000_RAM_2004 |7 0 |8 A |9 391081 |a BIBDER |b BIBDER |d 2019-11-22 |i 4293088 |l 1 |o 346.8302 RAM 2004 |p 4293088 |r 2025-05-02 |s 2025-05-02 |w 2019-11-22 |y BK |k DER | ||